[Event "Stay Safe Play From Home 284"]
[Site "Emanuel Lasker Arena"]
[Date "2020.07.07"]
[Round "6"]
[White "Mandy"]
[Black "Robk"]
[Result "0-1"]
[WhiteElo "918"]
[BlackElo "1494"]
[Annotator "NA"]
[PlyCount "38"]
[EventDate "2020.07.07"]
[EventType "swiss (blitz)"]

1. d4 {[%emt 0:00:02]} d5 {[%emt 0:00:02]} 2. Bf4 {[%emt 0:00:01]} Bf5 {[%emt 0:00:02]} 3. e3 {[%emt 0:00:01]} e6 {[%emt 0:00:01]} 4. Nf3 {[%emt 0:00:00]} Nf6 {[%emt 0:00:01]} 5. h3 {[%emt 0:00:00]} Nc6 {[%emt 0:00:01]} 6. Bd3 {[%emt 0:00:00]} Bg6 {[%emt 0:00:03]} 7. c3 {[%emt 0:00:02]} Nd7 {[%emt 0:00:04]} 8. Qe2 {[%emt 0:00:02]} Qe7 {[%emt 0:00:05]} 9. Nbd2 {[%emt 0:00:02]} e5 {[%emt 0:00:01]} 10. dxe5 {[%emt 0:00:09]} Ndxe5 {[%emt 0:00:02]} 11. Bxe5 {[%emt 0:00:02]} Nxe5 {[%emt 0:00:01]} 12. Bxg6 {[%emt 0:00:02]} Nxg6 {[%emt 0:00:04]} 13. c4 {[%emt 0:00:08]} dxc4 {[%emt 0:00:02]} 14. Nxc4 {[%emt 0:00:02]} O-O-O {[%emt 0:00:04]} 15. Ncd2 {[%emt 0:00:05]} Qb4 {[%emt 0:00:02]} 16. b3 {[%emt 0:00:03]} Bc5 {[%emt 0:00:06]} 17. Rd1 {[%emt 0:00:08]} Bb6 {[%emt 0:00:03]} 18. O-O {[%emt 0:00:01]} Ba5 {[%emt 0:00:01]} 19. a4 {[%emt 0:00:03]} Rxd2 {[%emt 0:00:02] Zeit (Lag: Av=0.57s, max=0.7s)} 0-1

[Event "Stay Safe Play From Home 284"]
[Site "Emanuel Lasker Arena"]
[Date "2020.07.07"]
[Round "7"]
[White "SoulofWolf"]
[Black "Broken sword"]
[Result "0-1"]
[WhiteElo "2191"]
[BlackElo "2477"]
[Annotator "TA"]
[PlyCount "156"]
[EventDate "2020.07.07"]
[EventType "swiss (blitz)"]

{[%evp 9,155,0,0,-6,0,0,0,0,8,-15,0,-20,-15,-19,-14,-30,0,-7,-4,0,33,0,9,-32,8,-30,-36,-41,-37,-42,-7,-40,-37,-225,-16,-34,0,-63,17,0,0,0,0,0,45,0,10,0,0,0,43,0,12,-10,40,0,0,-250,6,0,8,0,22,0,49,41,50,49,35,32,56,-474,141,120,178,13,190,163,332,0,0,0,0,-43,-51,-71,-49,-44,-21,-288,-115,-128,-119,-136,0,-205,-210,-198,-192,-199,0,-286,-106,-241,0,-143,-158,-376,-349,-480,-481,-491,-402,-1218,-1200,-1155,-1125,-12842,-12842,-12845,-12843,-12843,-12843,-12845,-12844,-12844,-12845,-12847,-12845,-12845,-12846,-12847,-12846,-12848,-12846,-12847,-12847,-12848,-12848,-12848,-12848,-12848,-12849,-12849,-12850,-12850,-12850,-29999]} 1. Nf3 d5 2. c4 c6 3. e3 Nf6 4. b3 Bg4 5. cxd5 cxd5 6. Be2 {A12: English Opening: 1...c6 with b3 by White.} Nc6 7. Bb2 e6 8. O-O {The position is equal.} Bd6 9. h3 Bh5 {[#]} 10. d3 $146 ({Predecessor:} 10. d4 O-O 11. Ne5 Bxe2 12. Qxe2 Rc8 13. f4 Ne4 14. Rc1 Bxe5 15. dxe5 Qb6 16. Nd2 {0-1 (47) Schmitt,G (2017)-Nitsche,D (2177) Bayern 1998}) 10... Rc8 11. Nbd2 O-O 12. a3 Bb8 13. Rc1 Qd6 14. b4 Rfd8 15. g4 Bg6 16. Kg2 h6 17. Rg1 a6 18. Nf1 Nd7 19. Ng3 b5 20. Nh4 Bh7 21. f4 $2 (21. Nf3 $15) 21... Ne7 $2 (21... d4 $19 22. e4 Qxf4) 22. Nf3 Nc6 23. Qd2 (23. Nh4 $11) 23... Ba7 (23... e5 $15 24. Kh1 exf4) 24. Rc2 Ne7 25. Rgc1 Rxc2 26. Rxc2 Qb8 27. Nf1 Rc8 28. Qc1 Rxc2 29. Qxc2 Qc8 30. Qd2 Qc7 31. Ba1 Nc8 32. Qb2 {[%csl Ga1][%cal Rb2g7] [#]} f6 33. Ng3 $2 (33. Qc3 $11 Qxc3 34. Bxc3) 33... Nd6 $2 (33... Bxe3 $19 {...Ne7 is the strong threat.} 34. Nh5 Ne7) 34. Nf1 Kf8 35. h4 Nb6 36. g5 Na4 37. Qd2 hxg5 38. hxg5 Kf7 39. Ng3 Nf5 40. Nh5 $2 {[%mdl 8192]} (40. Nxf5 $14 {stays ahead.} Bxf5 41. gxf6 gxf6 42. Nh4) 40... fxg5 $2 (40... Bxe3 $19 41. Qe1 d4) 41. Nxg5+ Kg8 (41... Ke7 $16) 42. Nxe6 $2 (42. e4 $18 Ne3+ 43. Kh3) 42... Qf7 $2 (42... Bxe3 $11 {and Black stays safe.} 43. Nxc7 Bxd2 44. Nxd5 Bc1) 43. Ng5 $18 Nxe3+ $2 (43... Bxe3 {is a better defense.} 44. Qa2 Qb7) 44. Qxe3 $2 (44. Kh1 $18 Qb7 45. Bxg7) 44... Bxe3 $11 45. Nxf7 Kxf7 46. Kf3 ({Reject} 46. Nxg7 d4 $17) 46... Bc1 47. Nxg7 Bxa3 48. Nh5 Bxb4 {And now ...Bc3 would win.} 49. Ng3 $2 {[%mdl 8192]} (49. Nf6 $11) 49... Bd6 $2 (49... Bc3 $19 {is more deadly.} 50. Bxc3 Nxc3) 50. Ke3 $17 Bc5+ 51. Kd2 Bd6 ({Better is} 51... b4 $17 {Threatens to win with ...b3.} 52. Bf3 Nb6) 52. Bh5+ $2 (52. Ke3 $1 $11) 52... Ke7 $19 53. Ke3 Bc5+ 54. Kd2 Bd6 $2 (54... Bf2 $19 55. Nh1 Bb6) 55. Ne2 $2 {[%mdl 8192]} (55. Ke3 $1 $11 {and White is okay.}) 55... Bb4+ $2 (55... Nc5 $19 {and Black stays clearly on top. aiming for ...Nb3+.} 56. Bh8 Nxd3) 56. Kd1 (56. Ke3 $17) 56... Bd6 $2 (56... Bxd3 $19 57. Nd4 Ba3) 57. Bf3 (57. Kd2 $11) 57... Bxd3 $17 58. Nc1 $2 (58. Bxd5 $17 Nc5 59. Kd2) 58... Bc4 $19 59. Be2 Nc5 60. Bf3 Ke6 61. Kd2 (61. Bg4+ $142 Ke7 62. Ne2) 61... Bxf4+ 62. Kd1 Bxc1 63. Kxc1 {[%mdl 4096] Endgame KBB-KBN} Nb3+ {[%mdl 64] [#] Double Attack} 64. Kb1 Nxa1 65. Kb2 Kd6 66. Kxa1 {KB-KB} Kc5 67. Kb2 d4 68. Bd1 b4 69. Kc1 a5 {[%cal Ba6a5,Ba5a4,Ba4a3,Ba3a2][%mdl 32]} 70. Kb2 Bb5 71. Kc1 a4 72. Kb2 a3+ 73. Kb1 Bc4 74. Ka1 d3 75. Kb1 Kd4 76. Ka1 Kc3 {( -> ...b3)} 77. Kb1 a2+ 78. Kc1 d2# {Black used his chance. Accuracy: White = 52%, Black = 54%.} 0-1

[Event "Stay Safe Play From Home 284"]
[Site "Emanuel Lasker Arena"]
[Date "2020.07.07"]
[Round "7"]
[White "Haxhi Baha"]
[Black "Mepe_Nika"]
[Result "0-1"]
[WhiteElo "2059"]
[BlackElo "2391"]
[Annotator "TA"]
[PlyCount "48"]
[EventDate "2020.07.07"]
[EventType "swiss (blitz)"]

{[%evp 10,48,-30,-179,-181,-178,-173,-170,-181,-181,-175,-208,-187,-691,-592,-29996,-1062,-962,-851,-970,-765,-1716,-1716,-29986,-2294,-29992,-29993,-29999,-29994,-29994,-29995,-29995,-29993,-29995,-29996,-29996,-29997,-29997,-29998,-29998,-29999]} 1. e4 e5 2. f4 d5 3. exd5 exf4 4. Nf3 Nf6 5. d4 Nxd5 6. c4 {[#]} (6. Bc4 $11) 6... Bb4+ $1 $19 {C36: King's Gambit Accepted: 3 Nf3 d5.} 7. Kf2 {[#]} Ne3 $1 {[%cal Re3d1][%mdl 512]} 8. Bxe3 fxe3+ {Black is clearly better.} 9. Kxe3 O-O 10. Kf2 {[#]} Nc6 $146 {Strongly threatening ...Bc5!} ({Predecessor:} 10... Bg4 11. Be2 Nc6 12. Nc3 Bxf3 13. Bxf3 Nxd4 14. Nd5 Bc5 15. b4 Nxf3+ 16. bxc5 Ne5 {0-1 (59) Palhais,C (1716)-Dias,R (2119) Lisbon 2017}) 11. d5 $2 (11. Be2) 11... Bc5+ 12. Ke2 Re8+ (12... Qe8+ $142 13. Ne5 Qxe5+ {[%mdl 64] Double Attack} 14. Kd3 Bf5+ 15. Kd2 Qe3#) 13. Kd2 Bf5 14. Bd3 Be3+ 15. Kc2 Nb4+ {[%mdl 64] Double Attack} 16. Kc3 Nxd3 (16... Qf6+ $142 17. Ne5 Nxd3 18. Qxd3 Qxe5+ 19. Kb3 Bxd3 20. Rd1 Bxc4+ 21. Kc2 Qe4+ 22. Kc3 Bg5 23. Rd4 {[#]} Bf6 $1 {[%mdl 576] Pin} 24. Kxc4 Qxd4+ {[%mdl 64] Double Attack} 25. Kb3 Qxb2+ {[%mdl 64] Double Attack} 26. Kc4 Re4+ 27. Kd3 Qe2#) 17. Nd4 Bxd4+ {Black mates.} 18. Kxd4 c5+ 19. Kc3 Qf6+ 20. Kd2 Qxb2+ {[%mdl 64] Double Attack} 21. Qc2 {[#]} Re2+ $1 {[%mdl 576] Skewer, Deflection} 22. Kxe2 Qxc2+ 23. Nd2 Re8+ 24. Kf3 Qxd2 {White did not feel at home in the position after the opening. Accuracy: White = 32%, Black = 62%.} 0-1

[Event "Stay Safe Play From Home 284"]
[Site "Emanuel Lasker Arena"]
[Date "2020.07.07"]
[Round "7"]
[White "Sfantul321"]
[Black "Fischer_11"]
[Result "0-1"]
[WhiteElo "2023"]
[BlackElo "2017"]
[Annotator "NA"]
[PlyCount "104"]
[EventDate "2020.07.07"]
[EventType "swiss (blitz)"]

1. e4 {[%emt 0:00:01]} Nf6 {[%emt 0:00:03]} 2. Nf3 {[%emt 0:00:00]} Nxe4 {[%emt 0:00:01]} 3. d4 {[%emt 0:00:01]} d5 {[%emt 0:00:01]} 4. Bd3 {[%emt 0:00:00]} Bg4 {[%emt 0:00:01]} 5. O-O {[%emt 0:00:01]} Bxf3 {[%emt 0:00:01]} 6. Qxf3 {[%emt 0:00:01]} Nf6 {[%emt 0:00:00]} 7. Re1 {[%emt 0:00:01]} e6 {[%emt 0:00:00]} 8. Bg5 {[%emt 0:00:01]} Be7 {[%emt 0:00:01]} 9. Nd2 {[%emt 0:00:01]} O-O {[%emt 0:00:00]} 10. Nb3 {[%emt 0:00:01]} Nbd7 {[%emt 0:00:02]} 11. Bf4 {[%emt 0:00:01]} b6 {[%emt 0:00:02]} 12. c4 {[%emt 0:00:01]} c5 {[%emt 0:00:03]} 13. dxc5 {[%emt 0:00:01]} Nxc5 {[%emt 0:00:02]} 14. Nxc5 {[%emt 0:00:01]} Bxc5 {[%emt 0:00:01]} 15. cxd5 {[%emt 0:00:00]} Qxd5 {[%emt 0:00:02]} 16. Qe2 {[%emt 0:00:03]} Qh5 {[%emt 0:00:04]} 17. h3 {[%emt 0:00:01]} Qxe2 {[%emt 0:00:01]} 18. Rxe2 {[%emt 0:00:01]} Rad8 {[%emt 0:00:00]} 19. Rd1 {[%emt 0:00:02]} h6 {[%emt 0:00:05]} 20. Bg3 {[%emt 0:00:02]} Rd5 {[%emt 0:00:03]} 21. Bc2 {[%emt 0:00:02]} Rxd1+ {[%emt 0:00:01]} 22. Bxd1 {[%emt 0:00:01]} Rd8 {[%emt 0:00:00]} 23. Bc2 {[%emt 0:00:00]} Bd6 {[%emt 0:00:03]} 24. f4 {[%emt 0:00:01]} Nh5 {[%emt 0:00:02]} 25. Bh2 {[%emt 0:00:03]} Bxf4 {[%emt 0:00:02]} 26. Bxf4 {[%emt 0:00:02]} Nxf4 {[%emt 0:00:00]} 27. Rf2 {[%emt 0:00:01]} Nd5 {[%emt 0:00:01]} 28. Rd2 {[%emt 0:00:01]} Rc8 {[%emt 0:00:00]} 29. Bb3 {[%emt 0:00:01]} Rc1+ {[%emt 0:00:01]} 30. Kh2 {[%emt 0:00:01]} Rc5 {[%emt 0:00:00]} 31. a3 {[%emt 0:00:02]} Kf8 {[%emt 0:00:01]} 32. Ba4 {[%emt 0:00:02]} Ke7 {[%emt 0:00:01]} 33. b4 {[%emt 0:00:01]} Rc3 {[%emt 0:00:01]} 34. Ra2 {[%emt 0:00:02]} Ne3 {[%emt 0:00:03]} 35. g4 {[%emt 0:00:05]} Nc4 {[%emt 0:00:02]} 36. Bb5 {[%emt 0:00:01]} Nxa3 {[%emt 0:00:02]} 37. Be2 {[%emt 0:00:02]} Rc2 {[%emt 0:00:01]} 38. Rxc2 {[%emt 0:00:01]} Nxc2 {[%emt 0:00:00]} 39. b5 {[%emt 0:00:00]} Nd4 {[%emt 0:00:01]} 40. Bd3 {[%emt 0:00:00]} Kd6 {[%emt 0:00:01]} 41. Kg3 {[%emt 0:00:00]} Kc5 {[%emt 0:00:00]} 42. Kf4 {[%emt 0:00:01]} Nxb5 {[%emt 0:00:00]} 43. Ke5 {[%emt 0:00:01]} Nc7 {[%emt 0:00:01]} 44. g5 {[%emt 0:00:01]} f6+ {[%emt 0:00:01]} 45. gxf6 {[%emt 0:00:01]} gxf6+ {[%emt 0:00:00]} 46. Kxf6 {[%emt 0:00:01]} b5 {[%emt 0:00:00]} 47. Kg6 {[%emt 0:00:01]} a5 {[%emt 0:00:00]} 48. Kxh6 {[%emt 0:00:00]} b4 {[%emt 0:00:00]} 49. h4 {[%emt 0:00:00]} Nd5 {[%emt 0:00:00]} 50. h5 {[%emt 0:00:01]} Nf4 {[%emt 0:00:00]} 51. Kg7 {[%emt 0:00:01]} Nxd3 {[%emt 0:00:01]} 52. h6 {[%emt 0:00:00]} Ne5 {[%emt 0:00:00] Time (Lag: Av=0.23s, max=0.6s)} 0-1

[Event "Stay Safe Play From Home 284"]
[Site "Emanuel Lasker Arena"]
[Date "2020.07.07"]
[Round "7"]
[White "Bardellosport"]
[Black "Jhhonnyy"]
[Result "0-1"]
[WhiteElo "1964"]
[BlackElo "2301"]
[PlyCount "92"]
[EventDate "2020.07.07"]
[EventType "swiss (blitz)"]

1. e4 {[%emt 0:00:01]} c5 {[%emt 0:00:01]} 2. d3 {[%emt 0:00:00]} Nc6 {[%emt 0:00:02]} 3. Nd2 {[%emt 0:00:00]} g6 {[%emt 0:00:00]} 4. Ngf3 {[%emt 0:00:00]} Bg7 {[%emt 0:00:01]} 5. Be2 {[%emt 0:00:00]} e6 {[%emt 0:00:01]} 6. c3 {[%emt 0:00:00]} Nge7 {[%emt 0:00:00]} 7. Qc2 {[%emt 0:00:00]} O-O {[%emt 0:00:00]} 8. O-O {[%emt 0:00:00]} d5 {[%emt 0:00:00]} 9. b3 {[%emt 0:00:01]} b6 {[%emt 0:00:00]} 10. Bb2 {[%emt 0:00:01]} Ba6 {[%emt 0:00:00]} 11. Rad1 {[%emt 0:00:01]} Rc8 {[%emt 0:00:01]} 12. c4 {[%emt 0:00:00]} d4 {[%emt 0:00:01]} 13. Ne1 {[%emt 0:00:01]} e5 {[%emt 0:00:01]} 14. f4 {[%emt 0:00:01]} f5 {[%emt 0:00:01]} 15. g3 {[%emt 0:00:01]} Rc7 {[%emt 0:00:01]} 16. Ng2 {[%emt 0:00:01]} Bc8 {[%emt 0:00:01]} 17. Bf3 {[%emt 0:00:00]} a6 {[%emt 0:00:02]} 18. a3 {[%emt 0:00:01]} Qd6 {[%emt 0:00:02]} 19. exf5 {[%emt 0:00:01]} Nxf5 {[%emt 0:00:01]} 20. fxe5 {[%emt 0:00:01]} Nxe5 {[%emt 0:00:01]} 21. Ne4 {[%emt 0:00:01]} Qe7 {[%emt 0:00:01]} 22. Qe2 {[%emt 0:00:01]} Bb7 {[%emt 0:00:01]} 23. g4 {[%emt 0:00:01]} Nxf3+ {[%emt 0:00:04]} 24. Qxf3 {[%emt 0:00:02]} Ne3 {[%emt 0:00:02]} 25. Qe2 {[%emt 0:00:01]} Nxf1 {[%emt 0:00:01]} 26. Rxf1 {[%emt 0:00:00]} Rxf1+ {[%emt 0:00:01]} 27. Kxf1 {[%emt 0:00:00]} Bxe4 {[%emt 0:00:01]} 28. dxe4 {[%emt 0:00:01]} Rd7 {[%emt 0:00:01]} 29. Qd3 {[%emt 0:00:02]} Qe5 {[%emt 0:00:01]} 30. Bc1 {[%emt 0:00:02]} Re7 {[%emt 0:00:01]} 31. Ne1 {[%emt 0:00:05]} Qxe4 {[%emt 0:00:01]} 32. Qxe4 {[%emt 0:00:00]} Rxe4 {[%emt 0:00:01]} 33. Nf3 {[%emt 0:00:00]} d3 {[%emt 0:00:03]} 34. Bd2 {[%emt 0:00:01]} Bd4 {[%emt 0:00:02]} 35. Kg2 {[%emt 0:00:01]} Re2+ {[%emt 0:00:01]} 36. Kg3 {[%emt 0:00:01]} Rxd2 {[%emt 0:00:01]} 37. Nxd2 {[%emt 0:00:01]} Be3 {[%emt 0:00:00]} 38. Ne4 {[%emt 0:00:04]} d2 {[%emt 0:00:01]} 39. Nxd2 {[%emt 0:00:02]} Bxd2 {[%emt 0:00:01]} 40. Kf3 {[%emt 0:00:00]} Bc1 {[%emt 0:00:01]} 41. b4 {[%emt 0:00:02]} Bxa3 {[%emt 0:00:01]} 42. bxc5 {[%emt 0:00:01]} Bxc5 {[%emt 0:00:00]} 43. Ke4 {[%emt 0:00:00]} Kf7 {[%emt 0:00:00]} 44. Kd5 {[%emt 0:00:01]} a5 {[%emt 0:00:00]} 45. Kc6 {[%emt 0:00:00]} a4 {[%emt 0:00:01]} 46. Kb5 {[%emt 0:00:00]} a3 {[%emt 0:00:00] Bardellosport abbandona (Lag: Av=0.31s, max=0.6s)} 0-1

[Event "Stay Safe Play From Home 284"]
[Site "Emanuel Lasker Arena"]
[Date "2020.07.07"]
[Round "7"]
[White "Trotsky"]
[Black "Mandy"]
[Result "1-0"]
[WhiteElo "1640"]
[BlackElo "917"]
[Annotator "NA"]
[PlyCount "33"]
[EventDate "2020.07.07"]
[EventType "swiss (blitz)"]

1. d4 {[%emt 0:00:01]} d5 {[%emt 0:00:03]} 2. e3 {[%emt 0:00:00]} c6 {[%emt 0:00:00]} 3. c4 {[%emt 0:00:01]} Bf5 {[%emt 0:00:01]} 4. Nc3 {[%emt 0:00:01]} e6 {[%emt 0:00:01]} 5. c5 {[%emt 0:00:01]} Nf6 {[%emt 0:00:03]} 6. Bd3 {[%emt 0:00:01]} g6 {[%emt 0:00:03]} 7. Qc2 {[%emt 0:00:01]} Qe7 {[%emt 0:00:04]} 8. h3 {[%emt 0:00:01]} Bg7 {[%emt 0:00:05]} 9. g4 {[%emt 0:00:02]} Bxd3 {[%emt 0:00:03]} 10. Qxd3 {[%emt 0:00:01]} O-O {[%emt 0:00:01]} 11. Bd2 {[%emt 0:00:01]} Nbd7 {[%emt 0:00:01]} 12. O-O-O {[%emt 0:00:01]} Rad8 {[%emt 0:00:09]} 13. Nf3 {[%emt 0:00:01]} b6 {[%emt 0:00:06]} 14. Ng5 {[%emt 0:00:01]} h6 {[%emt 0:00:05]} 15. h4 {[%emt 0:00:02]} bxc5 {[%emt 0:00:05]} 16. h5 {[%emt 0:00:03]} cxd4 {[%emt 0:00:05]} 17. hxg6 {[%emt 0:00:01] Zeit (Lag: Av=0.50s, max=2.1s) '} 1-0

[Event "Stay Safe Play From Home 284"]
[Site "Emanuel Lasker Arena"]
[Date "2020.07.07"]
[Round "7"]
[White "Robk"]
[Black "Lazieri3"]
[Result "0-1"]
[WhiteElo "1496"]
[BlackElo "2104"]
[PlyCount "90"]
[EventDate "2020.07.07"]
[EventType "swiss (blitz)"]

1. e4 {[%emt 0:00:02]} c6 {[%emt 0:00:00]} 2. d4 {[%emt 0:00:02]} d5 {[%emt 0:00:00]} 3. exd5 {[%emt 0:00:01]} cxd5 {[%emt 0:00:00]} 4. c4 {[%emt 0:00:01]} Nc6 {[%emt 0:00:01]} 5. Nc3 {[%emt 0:00:01]} Nf6 {[%emt 0:00:01]} 6. cxd5 {[%emt 0:00:01]} Nxd5 {[%emt 0:00:01]} 7. Bd3 {[%emt 0:00:01]} Nxc3 {[%emt 0:00:01]} 8. bxc3 {[%emt 0:00:02]} e6 {[%emt 0:00:00]} 9. Nf3 {[%emt 0:00:01]} Be7 {[%emt 0:00:01]} 10. O-O {[%emt 0:00:01]} Bf6 {[%emt 0:00:00]} 11. h4 {[%emt 0:00:03]} Bxh4 {[%emt 0:00:02]} 12. g3 {[%emt 0:00:01]} Bf6 {[%emt 0:00:01]} 13. Kg2 {[%emt 0:00:01]} h5 {[%emt 0:00:01]} 14. Rh1 {[%emt 0:00:04]} Bd7 {[%emt 0:00:02]} 15. Bf4 {[%emt 0:00:05]} Qe7 {[%emt 0:00:01]} 16. Qd2 {[%emt 0:00:02]} a6 {[%emt 0:00:02]} 17. Ne5 {[%emt 0:00:04]} Bxe5 {[%emt 0:00:03]} 18. Bxe5 {[%emt 0:00:00]} Nxe5 {[%emt 0:00:01]} 19. dxe5 {[%emt 0:00:00]} Bc6+ {[%emt 0:00:01]} 20. f3 {[%emt 0:00:02]} O-O-O {[%emt 0:00:02]} 21. a4 {[%emt 0:00:03]} Qd7 {[%emt 0:00:01]} 22. Rad1 {[%emt 0:00:05]} Qd5 {[%emt 0:00:03]} 23. Qe2 {[%emt 0:00:01]} h4 {[%emt 0:00:02]} 24. Rxh4 {[%emt 0:00:02]} Rxh4 {[%emt 0:00:02]} 25. gxh4 {[%emt 0:00:01]} Qc5 {[%emt 0:00:02]} 26. Be4 {[%emt 0:00:03]} Rxd1 {[%emt 0:00:01]} 27. Qxd1 {[%emt 0:00:01]} Bxe4 {[%emt 0:00:01]} 28. fxe4 {[%emt 0:00:02]} Qxe5 {[%emt 0:00:00]} 29. Qf3 {[%emt 0:00:01]} Qf6 {[%emt 0:00:02]} 30. Qg3 {[%emt 0:00:00]} g6 {[%emt 0:00:03]} 31. Qf3 {[%emt 0:00:00]} Qe5 {[%emt 0:00:02]} 32. Qg3 {[%emt 0:00:02]} Qxe4+ {[%emt 0:00:03]} 33. Qf3 {[%emt 0:00:00]} Qxf3+ {[%emt 0:00:01]} 34. Kxf3 {[%emt 0:00:00]} Kd7 {[%emt 0:00:00]} 35. Kf4 {[%emt 0:00:00]} f6 {[%emt 0:00:00]} 36. Ke4 {[%emt 0:00:00]} Kd6 {[%emt 0:00:01]} 37. Kf4 {[%emt 0:00:00]} b5 {[%emt 0:00:01]} 38. Ke3 {[%emt 0:00:00]} bxa4 {[%emt 0:00:01]} 39. Kd3 {[%emt 0:00:03]} a3 {[%emt 0:00:01]} 40. Kc4 {[%emt 0:00:00]} f5 {[%emt 0:00:01]} 41. Kb3 {[%emt 0:00:00]} f4 {[%emt 0:00:00]} 42. Kxa3 {[%emt 0:00:00]} f3 {[%emt 0:00:00]} 43. Kb2 {[%emt 0:00:00]} f2 {[%emt 0:00:00]} 44. Kc2 {[%emt 0:00:00]} f1=Q {[%emt 0:00:00]} 45. Kb3 {[%emt 0:00:00]} Qb5+ {[%emt 0:00:02] Time (Lag: Av=0.82s, max=1.1s)} 0-1

[Event "Stay Safe Play From Home 284"]
[Site "Emanuel Lasker Arena"]
[Date "2020.07.07"]
[Round "7"]
[White "Aadi3110theking"]
[Black "Ironmike"]
[Result "0-1"]
[WhiteElo "1468"]
[BlackElo "1946"]
[Annotator "NA"]
[PlyCount "50"]
[EventDate "2020.07.07"]
[EventType "swiss (blitz)"]
[BlackTeam "SV Horst-Emscher I"]

{- Dönges, Dirk (1820)} 1. Nf3 {[%emt 0:00:03]} b6 {[%emt 0:00:00]} 2. c4 {[%emt 0:00:02]} Bb7 {[%emt 0:00:00]} 3. b3 {[%emt 0:00:00]} e6 {[%emt 0:00:00]} 4. Bb2 {[%emt 0:00:00]} Nf6 {[%emt 0:00:01]} 5. g3 {[%emt 0:00:00]} Bc5 {[%emt 0:00:01]} 6. Bg2 {[%emt 0:00:00]} O-O {[%emt 0:00:00]} 7. O-O {[%emt 0:00:03]} d5 {[%emt 0:00:00]} 8. e3 {[%emt 0:00:05]} dxc4 {[%emt 0:00:01]} 9. bxc4 {[%emt 0:00:00]} Qd3 {[%emt 0:00:01]} 10. Ne5 {[%emt 0:00:01]} Qf5 {[%emt 0:00:08]} 11. Bxb7 {[%emt 0:00:00]} Nbd7 {[%emt 0:00:03]} 12. Nxd7 {[%emt 0:00:02]} Nxd7 {[%emt 0:00:02]} 13. Bxa8 {[%emt 0:00:00]} Rxa8 {[%emt 0:00:00]} 14. d4 {[%emt 0:00:02]} Be7 {[%emt 0:00:02]} 15. Nd2 {[%emt 0:00:01]} Rd8 {[%emt 0:00:00]} 16. Qf3 {[%emt 0:00:00]} Qg6 {[%emt 0:00:01]} 17. Rfd1 {[%emt 0:00:03]} h5 {[%emt 0:00:03]} 18. Ne4 {[%emt 0:00:02]} h4 {[%emt 0:00:01]} 19. d5 {[%emt 0:00:01]} h3 {[%emt 0:00:06]} 20. dxe6 {[%emt 0:00:04]} fxe6 {[%emt 0:00:02]} 21. Rd2 {[%emt 0:00:07]} Rf8 {[%emt 0:00:01]} 22. Qh1 {[%emt 0:00:04]} Nc5 {[%emt 0:00:05]} 23. Nxc5 {[%emt 0:00:02]} Bxc5 {[%emt 0:00:00]} 24. Rad1 {[%emt 0:00:02]} Qf5 {[%emt 0:00:03]} 25. Rd7 {[%emt 0:00:02]} Qxf2# {[%emt 0:00:02] (Lag: Av=1.32s, max=4.5s)} 0-1

[Event "Stay Safe Play From Home 284"]
[Site "Emanuel Lasker Arena"]
[Date "2020.07.07"]
[Round "8"]
[White "Broken sword"]
[Black "Haxhi Baha"]
[Result "1-0"]
[WhiteElo "2483"]
[BlackElo "2055"]
[Annotator "TA"]
[PlyCount "99"]
[EventDate "2020.07.07"]
[EventType "swiss (blitz)"]

{[%evp 12,99,55,52,72,30,32,31,27,32,27,-23,-27,-29,72,56,91,83,98,83,83,80,81,75,95,78,81,77,98,10,87,90,111,112,112,100,122,68,350,100,258,102,146,150,181,58,153,45,169,0,6,0,0,-4,0,0,0,0,0,0,282,274,268,33,255,257,252,281,492,517,509,508,510,502,497,494,947,837,859,826,1185,1162,1147,1090,2511,1945,29990,29991,29992,29993]} 1. e4 e6 2. d4 d5 3. Nd2 c5 4. Ngf3 Nc6 5. exd5 exd5 6. Bb5 Nf6 7. O-O cxd4 {C08: French Tarrasch: 3...c5 4 exd5 exd5 sidelines.} 8. Nxd4 Bd7 9. Re1+ Be7 {White is slightly better.} 10. Bxc6 bxc6 11. N2b3 O-O {[#]} 12. Bg5 $146 ({Predecessor:} 12. Ne2 Bb4 13. c3 Bd6 14. Bg5 Be7 15. Ned4 Qc7 16. Bxf6 Bxf6 17. Qd3 Rfe8 18. Nc5 {1-0 (53) Znak,N (738)-Vontina,M (800) LSS email 2009}) 12... c5 (12... Re8 $11 {keeps the balance.}) 13. Bxf6 $1 $16 Bxf6 14. Nxc5 Rc8 15. Nxd7 (15. b4 {looks sharper.} Re8 16. Qd3 Be7 17. Ndb3 Bc6 18. a4) 15... Qxd7 16. c3 Qb7 17. Qd2 h6 18. Nf3 Rb8 19. Rab1 Rfe8 20. Red1 (20. Rxe8+ $16 Rxe8 21. a3) 20... Red8 (20... Qa6 $1 $11) 21. g3 Qb5 22. Nd4 Qa4 23. a3 Qd7 24. Rbc1 (24. Qf4 $16) 24... Qh3 $2 {[%mdl 8192]} ({Black should try} 24... Bg5 $14 25. f4 Bf6) 25. b4 $2 (25. Nc6 $18) 25... Re8 $2 {[#]} (25... Qd7 $16) 26. Re1 $2 (26. Nc6 $1 $18 {is the precise move to win.}) 26... Bg5 27. f4 Bf6 28. Nf3 ({White must play} 28. Nc6 $18 Rxe1+ 29. Rxe1) 28... Qg4 (28... Rbc8 $14) 29. Kg2 (29. Qxd5 $16 {Black must now prevent c4.} Rxe1+ 30. Rxe1) 29... Re4 (29... Qf5 $14) 30. h3 $2 {[#]} (30. Qxd5 $18 Rxf4 31. h3) 30... Qf5 31. Re2 Rbe8 32. Rce1 $132 {[%mdl 2048] White is fighting back} Rxe2+ 33. Rxe2 Rxe2+ 34. Qxe2 Bxc3 35. Ne5 Qe4+ $2 {[%mdl 8192]} (35... Bxe5 $11 {and Black stays safe.} 36. Qxe5 Qc2+ 37. Kf3 Qb1) 36. Qxe4 $18 dxe4 {[%mdl 4096] Endgame KB-KN} 37. Nc4 $2 (37. Nc6 $18) 37... e3 $2 (37... Kf8 $1 $14) 38. Kf3 ({But not} 38. Nxe3 $6 Kf8 $16) 38... e2 39. Kxe2 f6 $2 (39... Kf8 40. Ne5 Bd4) 40. Kd3 Be1 41. g4 Bg3 42. f5 Kf7 43. Na5 Bc7 (43... Ke8 $142 44. Nc6 Bf2) 44. Nc6 a6 45. a4 Ke8 46. Kc4 Kd7 47. Kd5 a5 48. bxa5 {[%cal Bb4a5,Ba5a6,Ba6a7][%mdl 32]} Bd6 49. a6 Bc7 50. a7 {Accuracy: White = 56%, Black = 40%.} 1-0